The world under the one roof: (Record no. 29805)
[ view plain ]
| 000 -LEADER | |
|---|---|
| fixed length control field | 00889nam a2200241 4500 |
| 005 - DATE AND TIME OF LATEST TRANSACTION | |
| control field | 20090829141518.0 |
| 008 - FIXED-LENGTH DATA ELEMENTS--GENERAL INFORMATION | |
| fixed length control field | 700514s1968 enka | 00| 1aeng |
| 010 ## - LCCN (DPL NO) | |
| LC control number | ENG-94984 |
| 020 ## - INTERNATIONAL STANDARD BOOK NUMBER | |
| Terms of availability | 500.00 |
| International Standard Book Number | 8188820237 |
| 035 ## - SYSTEM CONTROL NUMBER | |
| System control number | EN-78517 |
| 037 ## - SOURCE OF ACQUISITION | |
| Source of stock number/acquisition | DBAD / PUB |
| 040 ## - CATALOGING SOURCE | |
| Original cataloging agency | dpl |
| Language of cataloging | English |
| 082 ## - DEWEY DECIMAL CLASSIFICATION NUMBER | |
| Classification number | 921 |
| 100 ## - MAIN ENTRY--PERSONAL NAME | |
| Personal name | Bhushan, Arya |
| 245 ## - TITLE STATEMENT | |
| Title | The world under the one roof: |
| Statement of responsibility, etc | by Arya Bhushan; edited by Abhay Bhushan |
| Remainder of title | my life story / |
| 260 ## - PUBLICATION, DISTRIBUTION, ETC. (IMPRINT) | |
| Place of publication, distribution, etc | Delhi |
| Name of publisher, distributor, etc | Rachna Publications |
| Date of publication, distribution, etc | 2008 |
| 270 ## - ADDRESS | |
| City | Delhi |
| Address | 4/28, Shastri Street, Vishwas Nagar, Shahdara, |
| Postal code | 110032 |
| 300 ## - PHYSICAL DESCRIPTION | |
| Extent | 320p.: |
| Dimensions | 22cm(pbk) |
| Other physical details | b&w photos |
| 600 ## - SUBJECT ADDED ENTRY--PERSONAL NAME | |
| Personal name | Bhushan, Arya |
| Dates associated with a name | 1918- |
| Form subdivision | Biogaphy |
| 700 ## - ADDED ENTRY--PERSONAL NAME | |
| Personal name | Abhay Bhushan |
| 942 ## - ADDED ENTRY ELEMENTS (KOHA) | |
| Source of classification or shelving scheme | Dewey Decimal Classification |
| Item type | English Books |
| Call number suffix | BHU |
| Classification part | 921 |
| Withdrawn status | Lost status | Source of classification or shelving scheme | Damaged status | Not for loan | Collection code | Home library | Current library | Date acquired | Source of acquisition | Cost, normal purchase price | Total Checkouts | Full call number | Barcode | Date last seen | Copy number | Cost, replacement price | Koha item type |
|---|---|---|---|---|---|---|---|---|---|---|---|---|---|---|---|---|---|
| Dewey Decimal Classification | Not For Loan | Non-fiction | D.B.Act.Division | D.B.Act.Division | 29/08/2009 | DBAD / PUB | 500.00 | 921 BHU | EN-78517 | 29/08/2009 | 1 | 500.00 | English Books |
